00787nam a22002177a 450000500170000001000150001702000260003203500140005803700130007208200110008510000190009624501090011526000390022427000430026330000340030650000400034070000220038094200250040299900190042795201230044620170216143029.0 aENG-117273 a9789383420742c650.00 aEN-100805 bDBAD/PUB a610.76 aKundu,Debanjan aQuest :cby Debanjan Kundu [and] Simantini Sircarba key to U G surgery,orthopedics and anesthesiology / aKolkatabAcademic publishersc2017 a5A Bhawani dutta lanebKolkatae700073 a viii,540p. :c25cm(pbk)bill aIncludes bibliographical references a Sircar,Simantini 2ddccENmKUNh610.76 c137649d137649 001040718NFICaDBADbBNd2017-02-16eDBAD/PUBg650.00l0o610.76 KUNpEN-100805r2017-02-16 00:00:00t1v650.00yEN